000 01043nam a2200277Ia 4500
001 Para_10371
003 CHAP
008 220125sDici xx 000 0 und d
010 _a209047
040 _cCHAP
090 _aPA CD - TESIS 400
100 _aPeña Pérez, Alejandro
_9128993
245 _aRevisión bibliográfica sobre control biológico de ácaro blanco (Polyphagotarsonemus latus) (Banks) en Zarzamora (Rubus fruticosus) en Los Reyes de Salgado, Michoacán /
_c Alejandro Peña Pérez;Director Bertha Tlapal Bolaños
260 _aChapingo, Méx. :
_b el autor
300 _a1 CDS ROM (60 p.)
502 _aTesis (Ing. Agr. Esp. en Parasitología Agrícola). UACh. Departamento Parasitología Agrícola
700 _aTlapal Bolaños, Bertha. Director
_9171336
710 _aUACh Departamento Parasitología Agrícola
901 _aPA CD - TESIS 400
902 _aM
905 _a513220Diciembre, 2014 ab 8100000000 06
910 _aDici
942 _cPARA
942 _cPARA
_d2
999 _c209047
_d209047